| 000 | 01044nam a2200217 i 4500 | ||
|---|---|---|---|
| 001 | 187921 | ||
| 003 | ES-MaACL | ||
| 005 | 20250920063118.0 | ||
| 008 | 180326s1928 sp |||| | spa d | ||
| 100 | 1 |
_aGarcía Blanco, Manuel, _d1902-1966 _954272 |
|
| 245 | 1 | 0 |
_aMateo Alemán y la novela picaresca alemana _b: conferencia dada el 30 de noviembre de 1927 / _cpor Manuel García Blanco. |
| 260 |
_aMadrid : _b[s.n.], _c1928 ( _fBlass tipogragía) |
||
| 300 |
_a32 p. ; _c23 cm. |
||
| 490 | 1 |
_aConferencias dadas en el Centro de intercambio intelectual germano-español ; _v18 |
|
| 600 | 1 | 4 |
_aAlemán, Mateo- _xCrítica e interpretación. _9140675 |
| 650 | 4 |
_aNovela picaresca española- _xHistoria y crítica. _9161138 |
|
| 650 | 4 |
_aNovela picaresca alemana- _xHistoria y crítica. _9164448 |
|
| 830 | 0 | 0 |
_aConferencias dadas en el Centro de Intercambio Intelectual Germano-Español _v18 _9192904 |
| 852 |
_aES-MaACL _jC-8111(14) _z.- Donat. del Centro de Intercambio Intelectual Germano-Español (Madrid) |
||
| 999 |
_c187921 _d187921 |
||